00262pam a2200109 a 4500020000500000041000500005082001300010100001800023245006200041260003300103300001600136 c h a750bSHO aSusie Hodge . aHow to Draw Faces in Simple Steps hTextual Documents a[s.l]:bSearch Press,c2014. a32:bpaper.